<?xml version="1.0" encoding="UTF-8"?>
<record
    xmlns:xsi="http://www.w3.org/2001/XMLSchema-instance"
    xsi:schemaLocation="http://www.loc.gov/MARC21/slim http://www.loc.gov/standards/marcxml/schema/MARC21slim.xsd"
    xmlns="http://www.loc.gov/MARC21/slim">

  <leader>01654    a2200241   4500</leader>
  <controlfield tag="001">60521</controlfield>
  <controlfield tag="005">20260407155856.0</controlfield>
  <controlfield tag="008">260407a2006    arg                 spa d</controlfield>
  <controlfield tag="003">AR-UNSa-BCEJYS</controlfield>
  <datafield tag="040" ind1=" " ind2=" ">
    <subfield code="a">AR-UNSa-BCEJYS</subfield>
    <subfield code="b">spa</subfield>
    <subfield code="c">AR-UNSa-BCEJYS</subfield>
  </datafield>
  <datafield tag="080" ind1=" " ind2=" ">
    <subfield code="a">304.4</subfield>
    <subfield code="x">Aspectos generales de las pol&#xED;ticas y pr&#xE1;cticas sociales y culturales (pol&#xED;tica social)</subfield>
  </datafield>
  <datafield tag="245" ind1="1" ind2="0">
    <subfield code="a">Pol&#xED;ticas sociales y acci&#xF3;n local</subfield>
    <subfield code="p">10 estudios de caso</subfield>
  </datafield>
  <datafield tag="020" ind1=" " ind2=" ">
    <subfield code="a">978-987-95115-6-5</subfield>
  </datafield>
  <datafield tag="264" ind1=" " ind2="1">
    <subfield code="a">Buenos Aires :</subfield>
    <subfield code="b">IDES</subfield>
    <subfield code="c">2006</subfield>
  </datafield>
  <datafield tag="300" ind1=" " ind2=" ">
    <subfield code="a">349 p.</subfield>
    <subfield code="c">21 cm.</subfield>
  </datafield>
  <datafield tag="505" ind1=" " ind2=" ">
    <subfield code="a">1. Repensando las relaciones sociales locales / Carlos H. Acu&#xF1;a, Elizabeth Jelin y Gabriel Kessler - 2. Tensiones y conflictos de la participaci&#xF3;n social en el planeamiento estrat&#xE9;gico de ciudades / Alicia Gonz&#xE1;lez Andrada &#x2013; 3. Participaci&#xF3;n social y comunitaria en el fortalecimiento de la atenci&#xF3;n primaria de la salud / Sebasti&#xE1;n Essayag &#x2013; 4. Las ONG en el campo de la salud sexual y reproductiva / Nina Zamberlin &#x2013; 5. Violencia familiar en la ciudad de Buenos Aires / Mabel L&#xF3;pez Oliva &#x2013; 6. El ambiguo valor de una herencia / Sergio Caggiano &#x2013; 7. Acci&#xF3;n cultural y trabajo comunitario en dos barrios del gran Buenos Aires / Carla Muriel del Cueto &#x2013; 8. &#xBF;El trueque es lo mismo para todos? / Mariana Luzzi &#x2013; 9. De conflictos y negociaciones / Gabriela Wyczykier &#x2013; 10. Sociedad y Estado: una relaci&#xF3;n compleja / Laura Mombello &#x2013; 11. La larga historia de una pol&#xED;tica social / Pablo Bonaldi - </subfield>
  </datafield>
  <datafield tag="041" ind1=" " ind2=" ">
    <subfield code="a">spa</subfield>
  </datafield>
  <datafield tag="942" ind1=" " ind2=" ">
    <subfield code="c">BK</subfield>
  </datafield>
  <datafield tag="590" ind1=" " ind2=" ">
    <subfield code="a">niveau_biblio:m niveau_hierar:0</subfield>
  </datafield>
  <datafield tag="100" ind1="1" ind2=" ">
    <subfield code="a">Acu&#xF1;a, Carlos H.</subfield>
  </datafield>
  <datafield tag="700" ind1="1" ind2=" ">
    <subfield code="a">Jelin, Elizabeth</subfield>
  </datafield>
  <datafield tag="700" ind1="1" ind2=" ">
    <subfield code="a">Kessler, Gabriel</subfield>
  </datafield>
  <datafield tag="999" ind1=" " ind2=" ">
    <subfield code="c">7031</subfield>
    <subfield code="d">7031</subfield>
  </datafield>
  <datafield tag="952" ind1=" " ind2=" ">
    <subfield code="0">0</subfield>
    <subfield code="1">0</subfield>
    <subfield code="4">0</subfield>
    <subfield code="7">0</subfield>
    <subfield code="a">BCEJYS</subfield>
    <subfield code="b">BCEJYS</subfield>
    <subfield code="c">16</subfield>
    <subfield code="d">2026-04-07</subfield>
    <subfield code="l">0</subfield>
    <subfield code="o">304.4 A189</subfield>
    <subfield code="p">L129223</subfield>
    <subfield code="r">2026-04-07 15:58:56</subfield>
    <subfield code="w">2026-04-07</subfield>
    <subfield code="y">L</subfield>
    <subfield code="z">CANTO LATERAL UN POCO MANCHADO - </subfield>
  </datafield>
</record>
